<?xml version="1.0" encoding="utf-8"?>
<?xml-stylesheet type='text/xsl' href='./oai2.xsl'?>
<OAI-PMH xmlns="http://www.openarchives.org/OAI/2.0/" xmlns:xsi="http://www.w3.org/2001/XMLSchema-instance" xsi:schemaLocation="http://www.openarchives.org/OAI/2.0/ http://www.openarchives.org/OAI/2.0/OAI-PMH.xsd">
  <responseDate>2026-06-06T05:49:52Z</responseDate>
  <request verb="GetRecord" metadataPrefix="marcxml" identifier="record_kuniweb_414301">https://kulturerbe.niedersachsen.de/oai</request>
  <GetRecord>
    <record>
      <header>
        <identifier>record_kuniweb_414301</identifier>
        <datestamp>2026-03-31T19:09:18Z</datestamp>
        <setSpec>slg0184</setSpec>
      </header>
      <metadata>
        <marc:record xmlns:marc="http://www.loc.gov/MARC21/slim" xsi:schemaLocation="http://www.loc.gov/MARC21/slim http://www.loc.gov/standards/marcxml/schema/MARC21slim.xsd">
          <marc:leader>12345nkm  22     uu 4500</marc:leader>
          <marc:controlfield tag="001">414301</marc:controlfield>
          <marc:controlfield tag="003">http://kuniweb.gbv.de</marc:controlfield>
          <marc:controlfield tag="005">2018-01-26T13:00:26</marc:controlfield>
          <marc:controlfield tag="008">|           ||||||||||||||||||||||</marc:controlfield>
          <marc:datafield tag="245" ind1="1" ind2="0">
            <marc:subfield code="a">Wand- und Gewölbeabwicklungen eines unbekannten Raumes - Ansicht einer Längswand</marc:subfield>
          </marc:datafield>
          <marc:datafield tag="720" ind1=" " ind2=" ">
            <marc:subfield code="a">Peter Joseph Krahe</marc:subfield>
          </marc:datafield>
          <marc:datafield tag="655" ind1=" " ind2="7">
            <marc:subfield code="a">Grafik</marc:subfield>
          </marc:datafield>
          <marc:datafield tag="046" ind1=" " ind2=" ">
            <marc:subfield code="k">1783</marc:subfield>
            <marc:subfield code="k">1783-1785 (?) (Italienaufenthalt)</marc:subfield>
            <marc:subfield code="l">1785</marc:subfield>
          </marc:datafield>
          <marc:datafield tag="260" ind1=" " ind2=" ">
            <marc:subfield code="g">1783</marc:subfield>
            <marc:subfield code="g">1785</marc:subfield>
            <marc:subfield code="g">1783-1785 (?) (Italienaufenthalt)</marc:subfield>
          </marc:datafield>
          <marc:datafield tag="300" ind1=" " ind2=" ">
            <marc:subfield code="a">Breite: 47,4 cm
Höhe: 28,2 cm</marc:subfield>
          </marc:datafield>
          <marc:datafield tag="520" ind1=" " ind2=" ">
            <marc:subfield code="a">Die Wand ist durch gemalte Hermenpilaster auf Postamenten im Verhältnis 1:2:1 unterteilt, Brüstungsband, Wandabschnitte und Pilaster sind wie oben (Kat. 297) ausgebildet, die Hermenpilaster an der rechten Seite mit Schattenkanten versehen. Im mittleren Feld tragen Harpyen und ein Widderkopf eine Plattform mit einem perspektivisch verkürzt gezeichneten Stangenaufbau, der als Baldachin für eine Statue der Artemis von Ephesos dient, Eroten reiten auf kleinen Pferden oder schwingen Fahnen. In den äußeren Feldern Spiralranken, tanzende Satyrn und Harpyen, in kleinen Rahmungen ein Pfau und ein Schwan.  (Dorn, Bd. I, S. 241, Kat. 298; Städtisches Museum Braunschweig)

Aufschrift:
"P. Krahe" (Signatur (später durch Fr. M. Krahe hinzugefügt))

Beschrieben in:
R. Dorn, „Die Studienjahre Peter Joseph Krahes in Düsseldorf und Rom 1778 - 1786 : Untersuchungen des zeichnerischen Nachlasses und beschreibender Katalog. Peter Joseph Krahe / Leben und Werk ; Bd. 1“. Klinkhardt &amp; Biermann, Braunschweig, 1969. (S. 241, Kat. 298)</marc:subfield>
          </marc:datafield>
          <marc:datafield tag="650" ind1="1" ind2=" ">
            <marc:subfield code="a">Graphik</marc:subfield>
          </marc:datafield>
          <marc:datafield tag="650" ind1="1" ind2=" ">
            <marc:subfield code="a">Grafik, Fotografie &gt; Zeichnung</marc:subfield>
          </marc:datafield>
          <marc:datafield tag="650" ind1="1" ind2=" ">
            <marc:subfield code="a">Zeichnung/Grafik</marc:subfield>
          </marc:datafield>
          <marc:datafield tag="773" ind1="0" ind2=" ">
            <marc:subfield code="t">Sammlung Grafik</marc:subfield>
          </marc:datafield>
          <marc:datafield tag="852" ind1=" " ind2=" ">
            <marc:subfield code="a">Städtisches Museum Braunschweig</marc:subfield>
          </marc:datafield>
          <marc:datafield tag="852" ind1=" " ind2=" ">
            <marc:subfield code="a">Italien</marc:subfield>
          </marc:datafield>
          <marc:datafield tag="" ind1=" " ind2=" ">
            <marc:subfield code="a">Namensnennung - Nicht kommerziell - Keine Bearbeitungen 4.0 International (CC BY-NC-ND 4.0)</marc:subfield>
          </marc:datafield>
        </marc:record>
      </metadata>
    </record>
  </GetRecord>
</OAI-PMH>
